00270 a2200109 4500001000700000020000600007040001100013100003200024240005000056245004500106362000900151165167 a  cMagnum aMinguet, Pilar Aznar Et Al.10aA construcao do conhecimento na educacaolpor10aA construcao do conhecimento na educacao0 a1899